[Event "Frankfurt Ch A 2017"]
[Site "Ffm-Höchst, BiKuZ"]
[Date "2017.04.24"]
[Round "1.31"]
[White "Krüger, Till"]
[Black "Hofmann, Werner"]
[Result "1-0"]
[WhiteElo "1935"]
[BlackElo "1590"]
[PlyCount "105"]
[EventDate "2017.??.??"]
[WhiteTeam "SC Nidderau"]
[BlackTeam "SV Kelsterbach"]

1. e4 e5 2. Nf3 Nc6 3. Bc4 h6 4. c3 Nf6 5. d3 d5 6. exd5 Nxd5 7. O-O Bg4 8. h3
Bh5 9. g4 Bg6 10. Nxe5 Nxe5 11. Re1 Qd6 12. d4 Nb6 13. Rxe5+ Be7 14. Bf1 O-O-O
15. Qf3 Bf6 16. Re1 Rhe8 17. Be3 Be4 18. Qf4 Qd5 19. Nd2 Bg5 20. Qg3 Bxe3 21.
Rxe3 Bg6 22. Bg2 Qb5 23. Qf3 c6 24. b3 f6 25. a4 Qg5 26. a5 Rxe3 27. fxe3 Nd5
28. Re1 Nxc3 29. a6 Qd5 30. axb7+ Kxb7 31. Qf4 Qd6 32. Qf1 Qg3 33. Qf2 Qxf2+
34. Kxf2 Nd5 35. Ne4 Bxe4 36. Bxe4 Re8 37. Kf3 Re7 38. h4 Kc7 39. Bd3 Kd6 40.
e4 Nb6 41. Rc1 Kd7 42. Rc5 Kd6 43. h5 Nd7 44. Ra5 Nf8 45. Bc4 Ne6 46. e5+ fxe5
47. dxe5+ Kd7 48. Rxa7+ Ke8 49. Rxe7+ Kxe7 50. Bxe6 Kxe6 51. Ke4 c5 52. Kf4 Ke7
53. Kf5 1-0

[Event "Frankfurt Ch A 2017"]
[Site "Ffm-Höchst, BiKuZ"]
[Date "2017.04.24"]
[Round "1.32"]
[White "Dohmes, Swidbert"]
[Black "Kolker, Vladislav"]
[Result "1/2-1/2"]
[WhiteElo "1581"]
[BlackElo "1925"]
[PlyCount "36"]
[EventDate "2017.??.??"]
[WhiteTeam "SV Hofheim"]
[BlackTeam "SC Bad Nauheim"]

1. e4 e5 2. Nf3 Nc6 3. Bb5 f5 4. Nc3 fxe4 5. Bxc6 dxc6 6. Nxe5 Nf6 7. d4 Bd6 8.
Bg5 Bf5 9. O-O Qe7 10. Re1 Bxe5 11. dxe5 Qxe5 12. Bxf6 gxf6 13. Qh5+ Bg6 14.
Qxe5+ fxe5 15. Nxe4 O-O-O 16. Kf1 Rhf8 17. c3 b6 18. Re3 c5 1/2-1/2

[Event "Frankfurt Ch A 2017"]
[Site "Ffm-Höchst, BiKuZ"]
[Date "2017.04.24"]
[Round "1.33"]
[White "Budde, Michael"]
[Black "Bergner, Matthias"]
[Result "1-0"]
[WhiteElo "1917"]
[BlackElo "1577"]
[PlyCount "59"]
[EventDate "2017.??.??"]
[WhiteTeam "SC Flörsheim"]
[BlackTeam "SV Neu-Isenburg"]

1. d4 d5 2. Bf4 e6 3. e3 Nf6 4. Bd3 g6 5. Nf3 Bg7 6. Nbd2 Nbd7 7. c4 O-O 8. Rc1
dxc4 9. Nxc4 Nd5 10. Bg5 Bf6 11. h4 c5 12. Bh6 Bg7 13. Bxg7 Kxg7 14. h5 cxd4
15. hxg6 hxg6 16. Nxd4 Rh8 17. Rxh8 Qxh8 18. Qf3 N7f6 19. Nd6 Qf8 20. Qg3 Bd7
21. e4 Nb4 22. Bb1 Nc6 23. e5 Ne8 24. N4b5 a6 25. Nxe8+ Bxe8 26. Nd6 Qe7 27.
Rc4 Qc7 28. b4 Qb6 29. Qf4 Kg8 30. Qh6 1-0

[Event "Frankfurt Ch A 2017"]
[Site "Ffm-Höchst, BiKuZ"]
[Date "2017.04.24"]
[Round "1.34"]
[White "Hagel, Stephan"]
[Black "Rudolph, Lukas"]
[Result "0-1"]
[WhiteElo "1570"]
[BlackElo "1914"]
[PlyCount "38"]
[EventDate "2017.??.??"]
[WhiteTeam "SK Hungen"]
[BlackTeam "SK Niederbrechen"]

1. e4 d5 2. exd5 Qxd5 3. Nc3 Qa5 4. d4 c6 5. Nf3 Nf6 6. Be2 Bf5 7. O-O e6 8.
Bf4 Be7 9. Re1 O-O 10. Bd3 Bxd3 11. Qxd3 Nbd7 12. Ne4 Rad8 13. a3 Rfe8 14. Bd6
Nxe4 15. Bxe7 Nxf2 16. Kxf2 Rxe7 17. b4 Qh5 18. Re4 Nf6 19. Re5 Ng4+ 0-1

[Event "Frankfurt Ch A 2017"]
[Site "Ffm-Höchst, BiKuZ"]
[Date "2017.04.24"]
[Round "1.35"]
[White "Kuhn, Luis"]
[Black "Lehmann, Gerit"]
[Result "1-0"]
[WhiteElo "1896"]
[BlackElo "1568"]
[Annotator "Schloessner,Henrik"]
[PlyCount "39"]
[EventDate "2017.??.??"]
[WhiteTeam "SC Flörsheim"]
[BlackTeam "SF Frankfurt"]

1. e4 d5 2. exd5 Nf6 3. d4 Nxd5 4. Nf3 Bf5 5. Bd3 Bxd3 6. Qxd3 c6 7. O-O e6 8.
c4 Nf6 9. Nc3 Be7 10. Bf4 O-O 11. Rad1 Na6 12. h3 Qb6 13. Rd2 Rad8 14. Rfd1 Nb4
15. Qe2 Rfe8 16. a3 Na6 17. b4 Rd7 18. Ne5 Rdd8 19. Nxf7 Kxf7 20. Na4 {[%mdl
1024]} 1-0

[Event "Frankfurt Ch A 2017"]
[Site "Ffm-Höchst, BiKuZ"]
[Date "2017.04.24"]
[Round "1.36"]
[White "Böhme, Jonas"]
[Black "Beinrucker, Markus"]
[Result "1-0"]
[WhiteElo "1561"]
[BlackElo "1887"]
[PlyCount "107"]
[EventDate "2017.??.??"]
[WhiteTeam "SK Bad Homburg"]
[BlackTeam "SK Niederbrechen"]

1. e4 e6 2. d4 d5 3. Nc3 Nf6 4. Bg5 Be7 5. e5 Nfd7 6. h4 f6 7. exf6 Nxf6 8. Nf3
Nc6 9. Bd3 Nb4 10. Ne5 Nxd3+ 11. Qxd3 Nd7 12. f4 Nxe5 13. fxe5 Bd7 14. Nb5 O-O
15. Nc3 Be8 16. Bxe7 Qxe7 17. O-O-O Bg6 18. Qe3 Qf7 19. g4 Qf2 20. Qd2 Rf4 21.
h5 Qxd2+ 22. Rxd2 Be4 23. Nxe4 Rxe4 24. Rg1 Rf8 25. c3 b6 26. b4 Rf3 27. Kb2
Kf7 28. g5 g6 29. hxg6+ Kxg6 30. Rh2 Ree3 31. Rh6+ Kf5 32. Rxh7 Rxc3 33. g6 Rg3
34. Rxg3 Rxg3 35. Rxc7 Rxg6 36. Rxa7 Ke4 37. Rb7 Kxd4 38. Rxb6 Kxe5 39. a4 d4
40. a5 Kd5 41. a6 Rg8 42. Rb7 Kc4 43. a7 Ra8 44. b5 d3 45. b6 Rh8 46. Rb8 Rh2+
47. Ka3 d2 48. a8=Q Rh3+ 49. Ka2 d1=Q 50. Rc8+ Kb4 51. Qe4+ Ka5 52. Qe5+ Ka6
53. Ra8+ Kxb6 54. Qxe6+ 1-0

[Event "Frankfurt Ch A 2017"]
[Site "Ffm-Höchst, BiKuZ"]
[Date "2017.04.24"]
[Round "1.37"]
[White "Pabel, Ralph"]
[Black "Lanz, Jürgen"]
[Result "0-1"]
[WhiteElo "1885"]
[BlackElo "1560"]
[PlyCount "120"]
[EventDate "2017.??.??"]
[WhiteTeam "SK Mainaschaff"]
[BlackTeam "SC Hattersheim"]

1. d4 Nf6 2. c4 g6 3. Nc3 d5 4. cxd5 Nxd5 5. e4 Nxc3 6. bxc3 Bg7 7. Bc4 c5 8.
Ne2 O-O 9. O-O Nc6 10. Be3 cxd4 11. cxd4 e6 12. Rc1 Na5 13. Bd3 b6 14. Qd2 Bb7
15. f3 Nc6 16. Bb5 Rc8 17. Rfd1 a6 18. Ba4 b5 19. Bb3 Qa5 20. Kf2 Qxd2 21. Rxd2
Na5 22. Rdc2 Nxb3 23. axb3 Rxc2 24. Rxc2 Rc8 25. Ra2 Kf8 26. Bd2 Ke8 27. Ba5
Bf6 28. Ke3 Bd8 29. Bb4 Bb6 30. Kd3 Kd7 31. Ra1 Ra8 32. Nf4 Bc7 33. g3 a5 34.
Bd2 b4 35. Be3 Ba6+ 36. Kd2 Bb6 37. Nd3 Bxd3 38. Kxd3 Rc8 39. Bd2 Rc6 40. e5
Kc7 41. f4 h5 42. h3 Kb7 43. Ra2 Bd8 44. g4 hxg4 45. hxg4 Kb6 46. Ke4 Kb5 47.
Rb2 Rc8 48. f5 Bb6 49. fxg6 fxg6 50. Be1 Rc1 51. Bf2 a4 52. bxa4+ Kxa4 53. Be3
Re1 54. Kd3 Ka3 55. Rxb4 Rxe3+ 56. Kxe3 Kxb4 57. Kf4 Bd8 58. Ke4 Kc4 59. Ke3
Bg5+ 60. Ke4 Bc1 0-1

[Event "Frankfurt Ch A 2017"]
[Site "Ffm-Höchst, BiKuZ"]
[Date "2017.04.24"]
[Round "1.38"]
[White "Popp, Matthias"]
[Black "Rau, Christian"]
[Result "0-1"]
[WhiteElo "1533"]
[BlackElo "1878"]
[Annotator "Schloessner,Henrik"]
[PlyCount "60"]
[EventDate "2017.??.??"]
[WhiteTeam "SC Bergen-Enkheim"]
[BlackTeam "SV Rüsselsheim"]

1. d4 Nf6 2. Nf3 g6 3. Bf4 Bg7 4. e3 d5 5. Bd3 O-O 6. Nbd2 Nbd7 7. c3 b6 8. Ne5
Bb7 9. g4 Ne4 10. h4 Nxe5 11. Bxe5 f6 12. Nxe4 fxe5 13. Ng5 e4 14. Bxe4 dxe4
15. Ne6 Qd6 16. Nxf8 Rxf8 17. Qe2 e5 18. O-O-O exd4 19. cxd4 Qf6 20. Qc4+ Qf7
21. Qxf7+ Rxf7 22. Rd2 Bd5 23. a3 Bb3 24. Kb1 Rd7 25. Rc1 c5 26. Rc3 Be6 27. g5
cxd4 28. exd4 Bxd4 29. Rc8+ Kf7 30. Rdc2 Bf5 {[%mdl 32]} 0-1

[Event "Frankfurt Ch A 2017"]
[Site "Ffm-Höchst, BiKuZ"]
[Date "2017.04.24"]
[Round "1.39"]
[White "Winand, Edgar"]
[Black "Richter, Wolfram"]
[Result "1-0"]
[WhiteElo "1872"]
[BlackElo "1531"]
[PlyCount "73"]
[EventDate "2017.??.??"]
[WhiteTeam "SC Flörsheim"]
[BlackTeam "SK Bad Sooden-Allendorf"]

1. g4 d5 2. Bg2 Bxg4 3. c4 Nf6 4. Nc3 e6 5. cxd5 exd5 6. Qb3 b6 7. Nxd5 c6 8.
Qe3+ Be6 9. Nf4 Qc8 10. Nxe6 fxe6 11. Bh3 Kf7 12. Nf3 Nd5 13. Bxe6+ Ke8 14.
Bxd5+ Be7 15. Be6 Qc7 16. Ne5 Rf8 17. b3 Rf6 18. Bh3 Na6 19. Nd7 Rd6 20. Ba3 c5
21. Ne5 Rad8 22. d3 Kf8 23. Rc1 Bf6 24. Nc4 Re8 25. Qg3 Rdd8 26. Qxc7 Nxc7 27.
Rd1 Nd5 28. Bf5 Nf4 29. Be4 Bd4 30. Bb2 b5 31. Bxd4 Rxd4 32. Ne3 g6 33. Rg1 Ke7
34. Rg4 Rf8 35. f3 Kd6 36. Nc2 h5 37. Rxf4 1-0

[Event "Frankfurt Ch A 2017"]
[Site "Ffm-Höchst, BiKuZ"]
[Date "2017.04.24"]
[Round "1.40"]
[White "Lopez, Victor"]
[Black "Zimmer, Gerald"]
[Result "0-1"]
[WhiteElo "1526"]
[BlackElo "1863"]
[PlyCount "60"]
[EventDate "2017.??.??"]
[WhiteTeam "SC Höchst"]
[BlackTeam "SC Bergen-Enkheim"]

1. e4 e6 2. d4 d5 3. Nc3 Bb4 4. e5 Qd7 5. a3 Bxc3+ 6. bxc3 b6 7. Bd3 Ba6 8. Nf3
c5 9. Bxa6 Nxa6 10. Qe2 Qa4 11. dxc5 Nxc5 12. Nd4 Ne7 13. O-O O-O 14. Rb1 Rac8
15. Rb4 Qd7 16. f3 Na4 17. c4 a5 18. Rb3 Rxc4 19. Be3 Rfc8 20. Qd2 Nc6 21. Rc1
Nxe5 22. Ne2 Qc7 23. Nd4 Nc5 24. Rb2 Ncd3 25. Nb5 Qd7 26. cxd3 Rxc1+ 27. Qxc1
Rxc1+ 28. Bxc1 Nxd3 29. Rc2 Nxc1 30. Rxc1 g6 0-1

[Event "Frankfurt Ch A 2017"]
[Site "Ffm-Höchst, BiKuZ"]
[Date "2017.04.24"]
[Round "1.41"]
[White "Vega Lopez de Nava, Cesar Octavi"]
[Black "Moritz, Dennis"]
[Result "1-0"]
[WhiteElo "1859"]
[BlackElo "1526"]
[PlyCount "55"]
[EventDate "2017.??.??"]
[WhiteTeam "SV Rüsselsheim"]
[BlackTeam "SK Hungen"]

1. e4 c5 2. Nf3 d6 3. d4 cxd4 4. Nxd4 a6 5. Nc3 Nf6 6. h3 Nbd7 7. g4 Nc5 8. Bg2
e5 9. Nf5 h5 10. g5 Nh7 11. h4 g6 12. Ne3 f6 13. gxf6 Nxf6 14. Ned5 Ne6 15. Be3
Nxd5 16. Nxd5 Nf4 17. Bb6 Nxg2+ 18. Kf1 Qxh4 19. Rxh4 Nxh4 20. Nc7+ Kf7 21.
Qd5+ Kg7 22. Nxa8 Bh3+ 23. Ke2 Be7 24. Qxb7 Bg4+ 25. Kd3 Kf6 26. f4 Ng2 27.
fxe5+ dxe5 28. Rf1+ 1-0

[Event "Frankfurt Ch A 2017"]
[Site "Ffm-Höchst, BiKuZ"]
[Date "2017.04.24"]
[Round "1.42"]
[White "Gude, Michael"]
[Black "Grossjohann, Daniel"]
[Result "1/2-1/2"]
[WhiteElo "1520"]
[BlackElo "1852"]
[PlyCount "125"]
[EventDate "2017.??.??"]
[WhiteTeam "SF Fürth"]
[BlackTeam "SC Bad Soden"]

1. e4 c5 2. Nf3 d6 3. Bb5+ Bd7 4. Bxd7+ Nxd7 5. O-O Ngf6 6. Nc3 a6 7. a4 g6 8.
d3 Bg7 9. Bd2 O-O 10. Qc1 Rb8 11. Bh6 b5 12. Bxg7 Kxg7 13. axb5 axb5 14. b3 b4
15. Ne2 e5 16. h3 h6 17. Ng3 Ra8 18. Qb2 Qb6 19. Nd2 Qc7 20. Rxa8 Rxa8 21. Ra1
Rxa1+ 22. Qxa1 Nb6 23. Qa5 Qb7 24. Ne2 Nfd7 25. f4 f6 26. Nf3 Nb8 27. fxe5 fxe5
28. Qa1 Qa6 29. Qxa6 Nxa6 30. g4 Nc7 31. Kf2 Kf6 32. h4 Ne6 33. Ke3 Nd7 34. c4
Nb8 35. Kd2 Nc6 36. Ke3 Na5 37. Nc1 Nf4 38. Kd2 Ng2 39. Ke2 g5 40. hxg5+ hxg5
41. Kf2 Nh4 42. Kg3 Ng6 43. Nd2 Nf4 44. Kf3 Nc6 45. Ke3 Nd4 46. Nf3 Nfe6 47.
Kf2 Nc2 48. Kg3 Ne3 49. Ng1 Nd4 50. Nge2 Nf1+ 51. Kg2 Nd2 52. Kf2 N2xb3 53.
Nxb3 Nxb3 54. Ke3 Nd4 55. Ng3 b3 56. Nf1 Ke7 57. Nd2 Kd7 58. Nb1 Kc7 59. Nc3 b2
60. Kd2 Nf3+ 61. Kc2 Nh2 62. Nd5+ Kd7 63. Ne3 1/2-1/2

[Event "Frankfurt Ch A 2017"]
[Site "Ffm-Höchst, BiKuZ"]
[Date "2017.04.24"]
[Round "1.43"]
[White "Schmitt, Roland"]
[Black "Neuhaus, Joachim"]
[Result "1-0"]
[WhiteElo "1848"]
[BlackElo "1520"]
[PlyCount "21"]
[EventDate "2017.??.??"]
[WhiteTeam "SK Großsachsen"]
[BlackTeam "SC Somborn"]

1. e4 e6 2. d4 d5 3. Nc3 Bb4 4. e5 c5 5. Qg4 Ne7 6. a3 Bxc3+ 7. bxc3 O-O 8. Nf3
Nbc6 9. Bd3 c4 10. Bxh7+ Kxh7 11. Ng5+ 1-0

[Event "Frankfurt Ch A 2017"]
[Site "Ffm-Höchst, BiKuZ"]
[Date "2017.04.24"]
[Round "1.44"]
[White "Breitbach, Stephan"]
[Black "Göbel, Andreas"]
[Result "0-1"]
[WhiteElo "1503"]
[BlackElo "1845"]
[PlyCount "62"]
[EventDate "2017.??.??"]
[WhiteTeam "SC Landskrone"]
[BlackTeam "SC Brett vorm Kopp"]

1. d4 Nf6 2. c4 e6 3. Nc3 Bb4 4. Bd2 O-O 5. Qc2 d5 6. e3 b6 7. a3 Be7 8. Nf3
Bb7 9. Bd3 Nbd7 10. O-O c5 11. cxd5 exd5 12. b3 Rc8 13. Bf5 g6 14. Bh3 Qc7 15.
Nb5 Qb8 16. Qb2 a6 17. Nc3 Rcd8 18. g3 Rfe8 19. Bg2 Ne4 20. Rfd1 Nxd2 21. Nxd2
cxd4 22. Nxd5 Bxd5 23. Bxd5 dxe3 24. Ne4 Qe5 25. Qe2 exf2+ 26. Qxf2 Nf6 27.
Nxf6+ Bxf6 28. Qxb6 Rxd5 29. Rxd5 Qxa1+ 30. Kg2 Re2+ 31. Kf3 Qf1+ 0-1

[Event "Frankfurt Ch A 2017"]
[Site "Ffm-Höchst, BiKuZ"]
[Date "2017.04.24"]
[Round "1.45"]
[White "Ottenburg, Ralph"]
[Black "Wich, Manuela"]
[Result "1-0"]
[WhiteElo "1833"]
[BlackElo "1494"]
[PlyCount "123"]
[EventDate "2017.??.??"]
[WhiteTeam "SF Frankfurt"]
[BlackTeam "Niederräder TG"]

1. d4 d5 2. Nf3 Nf6 3. g3 e6 4. Bg2 c5 5. c3 Nc6 6. O-O Be7 7. e3 O-O 8. Nbd2
c4 9. b3 b5 10. bxc4 bxc4 11. Ne5 Nxe5 12. dxe5 Nd7 13. f4 Rb8 14. Nf3 Nc5 15.
Nd4 Bd7 16. Ba3 Qa5 17. Bb4 Qd8 18. Bxc5 Bxc5 19. Qd2 Qa5 20. Rab1 Qc7 21. Qc2
Rxb1 22. Rxb1 Rb8 23. Kf2 Rxb1 24. Qxb1 Qb6 25. Qxb6 Bxb6 26. Ke2 Ba5 27. Kd2
h6 28. e4 dxe4 29. Bxe4 Bb6 30. Bb7 g5 31. Ba6 Kg7 32. Bxc4 gxf4 33. gxf4 Kg6
34. Be2 f5 35. Kd3 Bc5 36. Bd1 Ba3 37. Bb3 Bc1 38. Ne2 Ba3 39. Nd4 Bc1 40. Nxe6
Bxe6 41. Bxe6 Bxf4 42. Kd4 Bxh2 43. c4 Bg1+ 44. Kd5 f4 45. Bh3 Kf7 46. Kd6 f3
47. c5 Ke8 48. c6 Bb6 49. c7 Bxc7+ 50. Kxc7 Ke7 51. Kc6 a5 52. Kd5 a4 53. a3 f2
54. Bf1 h5 55. Bh3 h4 56. e6 Ke8 57. Kd6 Kd8 58. e7+ Ke8 59. Bd7+ Kf7 60. e8=Q+
Kg7 61. Bh3 Kh6 62. Qf8+ 1-0

[Event "Frankfurt Ch A 2017"]
[Site "Ffm-Höchst, BiKuZ"]
[Date "2017.04.24"]
[Round "1.46"]
[White "Friedel, Thomas"]
[Black "Gutacker, Stephan"]
[Result "0-1"]
[WhiteElo "1481"]
[BlackElo "1825"]
[PlyCount "65"]
[EventDate "2017.??.??"]
[WhiteTeam "SV Groß-Gerau"]
[BlackTeam "Sfr. Kelkheim"]

1. e4 e5 2. Nf3 Nc6 3. Bc4 Nf6 4. d3 Bc5 5. c3 d6 6. Bg5 h6 7. Be3 Qe7 8. d4
exd4 9. cxd4 Bb4+ 10. Nc3 Nxe4 11. Qb3 O-O 12. d5 Bxc3+ 13. bxc3 Ne5 14. Qb4
Nxc4 15. Qxc4 Bf5 16. O-O Qd7 17. Rfe1 Nc5 18. Rad1 Na4 19. Nd4 Nb2 20. Qb3
Nxd1 21. Rxd1 b6 22. Qc4 Rfc8 23. Re1 a5 24. Bd2 Bg6 25. Nc6 Re8 26. Be3 Re4
27. Qd3 Rae8 28. Qd2 Rc4 29. f3 Rxc6 30. dxc6 Qxc6 31. Rc1 Qc4 32. Qf2 Qd3 33.
Qe1 0-1

[Event "Frankfurt Ch A 2017"]
[Site "Ffm-Höchst, BiKuZ"]
[Date "2017.04.24"]
[Round "1.47"]
[White "Liebske, Reiner"]
[Black "Fritsch, Reinhold"]
[Result "1/2-1/2"]
[WhiteElo "1824"]
[BlackElo "1476"]
[PlyCount "131"]
[EventDate "2017.??.??"]
[WhiteTeam "SV Frankfurt Nord"]
[BlackTeam "SC Somborn"]

1. e4 d6 2. d4 g6 3. c3 Bg7 4. Nf3 Nf6 5. Bd3 O-O 6. O-O Nbd7 7. Re1 e5 8. h3
b6 9. Nbd2 Nh5 10. Nb3 Bb7 11. Bg5 Qe8 12. Qd2 a6 13. Rac1 Rc8 14. Qe2 Nb8 15.
dxe5 dxe5 16. Rcd1 Nf4 17. Qe3 Nxd3 18. Rxd3 f6 19. Bh6 Rd8 20. Bxg7 Rxd3 21.
Qxd3 Kxg7 22. Qc4 Qc6 23. Qb4 Qd6 24. Qxd6 cxd6 25. Rd1 Rd8 26. Nfd2 d5 27. Nc4
b5 28. Nb6 Rd6 29. Nxd5 Nc6 30. Nc5 Bc8 31. Kf1 Ne7 32. Ke2 Nxd5 33. exd5 Kf7
34. b3 Ke7 35. c4 f5 36. Ke3 bxc4 37. bxc4 Rb6 38. Nb3 Bd7 39. c5 Rb4 40. f3
Ba4 41. Rd3 Bb5 42. Rc3 f4+ 43. Kf2 Rc4 44. Rxc4 Bxc4 45. d6+ Kd7 46. g3 g5 47.
h4 h6 48. hxg5 hxg5 49. gxf4 gxf4 50. Ke1 Bd5 51. Ke2 Bc4+ 52. Kf2 Bd5 53. Nc1
Bc4 54. a3 Kc6 55. Ne2 Be6 56. Nc3 Kxc5 57. Ne4+ Kc6 58. Ke2 Bd5 59. d7 Kxd7
60. Nd2 Kc6 61. Kd3 Kb5 62. Kc3 a5 63. Kc2 a4 64. Kc3 Bxf3 65. Nxf3 e4 66. Nd4+
1/2-1/2

[Event "Frankfurt Ch A 2017"]
[Site "Ffm-Höchst, BiKuZ"]
[Date "2017.04.24"]
[Round "1.48"]
[White "Bernhardt, Winfried"]
[Black "Zimpfer, Andreas"]
[Result "0-1"]
[WhiteElo "1458"]
[BlackElo "1822"]
[PlyCount "70"]
[EventDate "2017.??.??"]
[WhiteTeam "SV Nauheim"]
[BlackTeam "SC Matt im Park"]

1. e4 c5 2. Nc3 d6 3. Bc4 Nc6 4. a3 g6 5. Nf3 Bg7 6. Ne2 Nf6 7. Ng3 O-O 8. O-O
d5 9. exd5 Nxd5 10. c3 a6 11. d4 cxd4 12. cxd4 Nb6 13. Ba2 Bg4 14. Be3 Nd5 15.
h3 Nxe3 16. fxe3 Bd7 17. Ng5 e6 18. Rb1 Qxg5 19. Rf3 Rad8 20. b4 e5 21. d5 Nb8
22. Ne4 Qh4 23. Nf2 f5 24. d6+ Kh8 25. g3 Qf6 26. Ne4 fxe4 27. Rxf6 Rxf6 28. g4
Bc6 29. Qb3 Rfxd6 30. Rf1 Nd7 31. g5 Nb6 32. Qb1 Bb5 33. Re1 Rd2 34. Bb3 Rf8
35. Qc1 Rff2 0-1

[Event "Frankfurt Ch A 2017"]
[Site "Ffm-Höchst, BiKuZ"]
[Date "2017.04.24"]
[Round "1.49"]
[White "Kulenovic, Adnan"]
[Black "Panosch, Walter"]
[Result "0-1"]
[WhiteElo "1821"]
[BlackElo "1456"]
[PlyCount "48"]
[EventDate "2017.??.??"]
[WhiteTeam "SV Kinzigtal"]
[BlackTeam "SC Matt im Park"]

1. e4 c5 2. Nf3 d6 3. c3 Nf6 4. Be2 e6 5. O-O a6 6. Re1 Nc6 7. Bf1 e5 8. d4 Bg4
9. d5 Bxf3 10. Qxf3 Ne7 11. b4 cxb4 12. cxb4 Ng6 13. g3 Be7 14. Be3 h5 15. h3
h4 16. g4 Nh7 17. Nd2 Bg5 18. Nc4 Bxe3 19. Qxe3 Qf6 20. Nb6 Rd8 21. Rac1 O-O
22. Rc7 Qg5 23. Qxg5 Nxg5 24. a4 Nf3+ 0-1

[Event "Frankfurt Ch A 2017"]
[Site "Ffm-Höchst, BiKuZ"]
[Date "2017.04.24"]
[Round "1.50"]
[White "Ketting, Douwe"]
[Black "Kretner, Georg-Ulrich"]
[Result "0-1"]
[WhiteElo "1452"]
[BlackElo "1816"]
[PlyCount "58"]
[EventDate "2017.??.??"]
[WhiteTeam "SC Somborn"]
[BlackTeam "SC Bad Nauheim"]

1. b4 e5 2. Bb2 Bxb4 3. Bxe5 Nf6 4. e3 O-O 5. c4 c5 6. Bd6 Re8 7. a3 Ba5 8.
Bxc5 Ne4 9. Bd4 Nc6 10. Bb2 d5 11. cxd5 Qxd5 12. Nc3 Nxc3 13. Bxc3 Bxc3 14.
dxc3 Qc5 15. Qc1 Ne5 16. h3 Bf5 17. Qb2 Bd3 18. Qb4 Qc6 19. Ne2 a5 20. Qb3 Bc4
21. Qc2 Nd3+ 22. Kd2 Nxf2 23. Nd4 Ne4+ 24. Kc1 Qa6 25. Bxc4 Qxc4 26. Kb2 Rac8
27. Rac1 Nc5 28. Nf5 Nd3+ 29. Kb1 Qb5+ 0-1

[Event "Frankfurt Ch A 2017"]
[Site "Ffm-Höchst, BiKuZ"]
[Date "2017.04.24"]
[Round "1.51"]
[White "Fröhlich-Dill, Astrid"]
[Black "Hedrich, Gerd"]
[Result "1-0"]
[WhiteElo "1810"]
[BlackElo "1443"]
[PlyCount "95"]
[EventDate "2017.??.??"]
[WhiteTeam "SV Hofheim"]
[BlackTeam "Wiesbadener SV"]

1. d4 Nf6 2. c4 e6 3. Nc3 Bb4 4. Nf3 Bxc3+ 5. bxc3 d6 6. Qc2 b6 7. e4 Bb7 8.
Bd3 Nbd7 9. h3 h6 10. O-O e5 11. Nh4 g6 12. Be3 Qe7 13. f4 exd4 14. Bxd4 Rg8
15. e5 dxe5 16. fxe5 Nh5 17. Be4 O-O-O 18. Bxb7+ Kxb7 19. Nf3 Kb8 20. a4 Nf4
21. a5 Nc5 22. axb6 cxb6 23. Rfb1 Nfe6 24. Qf2 Rd7 25. Bxc5 Nxc5 26. Nd4 Rc7
27. Qf3 Nb7 28. Nc6+ Rxc6 29. Qxc6 Rc8 30. Qe4 f5 31. Qd5 Qc5+ 32. Qxc5 Nxc5
33. Rd1 Ne4 34. Rd7 a5 35. e6 Nc5 36. Rd6 Kc7 37. Rad1 Re8 38. e7 g5 39. Rxh6
Rxe7 40. Rdd6 Na4 41. Rc6+ Kb7 42. Kf2 f4 43. Rcg6 Nxc3 44. Rxb6+ Kc7 45. Ra6
Ne4+ 46. Kf3 Nd2+ 47. Kg4 Nxc4 48. Rac6+ 1-0

[Event "Frankfurt Ch A 2017"]
[Site "Ffm-Höchst, BiKuZ"]
[Date "2017.04.24"]
[Round "1.52"]
[White "Masoudi, Kian"]
[Black "Schellen, Sven"]
[Result "0-1"]
[WhiteElo "1403"]
[BlackElo "1801"]
[PlyCount "90"]
[EventDate "2017.??.??"]
[WhiteTeam "SC Bergen-Enkheim"]
[BlackTeam "SF Frankfurt"]

1. e4 Nf6 2. e5 Nd5 3. d4 d6 4. f4 g6 5. Nc3 Nb6 6. Bd3 dxe5 7. fxe5 Nc6 8. Be3
Bg7 9. Nf3 O-O 10. O-O f6 11. exf6 Bxf6 12. Ne2 Nd5 13. Bf2 Bg4 14. Be4 Bg7 15.
c3 Nf6 16. Ng5 Nxe4 17. Nxe4 Qd5 18. N4g3 Rad8 19. h3 Bc8 20. Qc2 b5 21. Be3 e5
22. Rxf8+ Bxf8 23. Bg5 Re8 24. dxe5 Qxe5 25. Bf4 Qc5+ 26. Kh1 Ne5 27. Nd4 Kh8
28. Ne4 Qb6 29. Ng5 Bg7 30. Re1 Qf6 31. Bxe5 Rxe5 32. Ngf3 Rxe1+ 33. Nxe1 Qf1+
34. Kh2 Qxe1 35. Nf3 Be5+ 36. Nxe5 Qxe5+ 37. Kg1 Bb7 38. Qf2 Kg7 39. Qxa7 Qd5
40. Qd4+ Qxd4+ 41. cxd4 Kf6 42. Kf2 Kf5 43. g4+ Ke4 44. Kg3 g5 45. h4 h6 0-1

[Event "Frankfurt Ch A 2017"]
[Site "Ffm-Höchst, BiKuZ"]
[Date "2017.04.24"]
[Round "1.53"]
[White "Menning, Uwe"]
[Black "Urbach, Jens"]
[Result "1-0"]
[WhiteElo "1795"]
[BlackElo "1407"]
[PlyCount "64"]
[EventDate "2017.??.??"]
[WhiteTeam "FC Bierstadt"]
[BlackTeam "SF Frankfurt"]

1. d4 Nf6 2. Nf3 d5 3. c4 c6 4. cxd5 cxd5 5. Nc3 Nc6 6. a3 e6 7. Bg5 Be7 8. e3
Ne4 9. Nxe4 dxe4 10. Bxe7 Qxe7 11. Nd2 f5 12. Bb5 Bd7 13. Bxc6 Bxc6 14. Nc4 O-O
15. Ne5 Rfc8 16. O-O Be8 17. Qb3 Bc6 18. Rfc1 Bd5 19. Qd1 Rc7 20. Rxc7 Qxc7 21.
Rc1 Qe7 22. Qa4 a6 23. Qd7 Qxd7 24. Nxd7 Rd8 25. Rc7 Bc6 26. Ne5 Bd5 27. Kf1 h6
28. Ke2 Rf8 29. g3 Kh7 30. h4 h5 31. Nd7 Rf7 32. Kd2 Re7 1-0

[Event "Frankfurt Ch A 2017"]
[Site "Ffm-Höchst, BiKuZ"]
[Date "2017.04.24"]
[Round "1.54"]
[White "Lessmann, Sven"]
[Black "Bittner, Peter"]
[Result "0-1"]
[WhiteElo "1398"]
[BlackElo "1792"]
[PlyCount "48"]
[EventDate "2017.??.??"]
[WhiteTeam "SC Bad Soden"]
[BlackTeam "SC Nied"]

1. d4 Nf6 2. c4 e6 3. Nc3 Bb4 4. Qc2 h6 5. Nf3 d5 6. e3 O-O 7. a3 Bxc3+ 8. Qxc3
b6 9. Be2 Bb7 10. O-O Nbd7 11. Nd2 Rc8 12. Bf3 c5 13. b3 Re8 14. Re1 Ne4 15.
Qd3 f5 16. Bh5 Rf8 17. Bb2 Qh4 18. Nxe4 fxe4 19. Qe2 Nf6 20. g4 g6 21. Bxg6
Nxg4 22. f3 exf3 23. Bh7+ Kxh7 24. Qc2+ Rf5 0-1

[Event "Frankfurt Ch A 2017"]
[Site "Ffm-Höchst, BiKuZ"]
[Date "2017.04.24"]
[Round "1.55"]
[White "Makilla, Tobias"]
[Black "Stulken, Dietmar"]
[Result "1-0"]
[WhiteElo "1791"]
[BlackElo "1358"]
[Annotator "Schloessner,Henrik"]
[PlyCount "37"]
[EventDate "2017.??.??"]
[WhiteTeam "SC Hattersheim"]
[BlackTeam "SF Frankfurt"]

1. e4 e5 2. Nf3 Nc6 3. c3 Nf6 4. d4 exd4 5. e5 Ng8 6. cxd4 Bb4+ 7. Nc3 d6 8.
Bb5 Bd7 9. O-O dxe5 10. Re1 f6 11. dxe5 Nxe5 12. Nxe5 fxe5 13. Qh5+ Kf8 14. Bc4
Qf6 15. Nd5 Qc6 16. b3 a5 17. Nxb4 g6 18. Nxc6 gxh5 19. Ba3+ {[%mdl 2048]} 1-0

[Event "Frankfurt Ch B 2017"]
[Site "Ffm-Höchst, BiKuZ"]
[Date "2017.04.24"]
[Round "1.1"]
[White "Nebel, Marcel"]
[Black "Bär, Christian"]
[Result "0-1"]
[WhiteElo "1191"]
[BlackElo "1469"]
[PlyCount "38"]
[EventDate "2017.??.??"]
[WhiteTeam "SF Friedberg"]
[BlackTeam "SC Steinbach"]

1. d4 Nf6 2. c4 e6 3. Nf3 d5 4. Nc3 c5 5. Bg5 Be7 6. e3 Nbd7 7. Be2 dxc4 8.
Bxc4 O-O 9. O-O b6 10. Bf4 Bb7 11. Re1 Ne4 12. Ne5 Nxe5 13. Bxe5 Rc8 14. Qg4
Nf6 15. Qg3 cxd4 16. exd4 Rxc4 17. Rad1 Qd7 18. Re4 Rxc3 19. bxc3 Bxe4 0-1